The first three english books on America?1511--1555 A.D
Saved in:
| Hovedforfatter: | |
|---|---|
| Format: | Bog |
| Sprog: | engelsk |
| Udgivet: |
Birmingham
I Montague Road
1885
|
| Udgivelse: | 1a. ed |
| Fag: | |
| Tags: |
Tilføj Tag
Ingen Tags, Vær først til at tagge denne postø!
|
MARC
| LEADER | 00000cam a2200000 a 4500 | ||
|---|---|---|---|
| 001 | UCE7066 | ||
| 003 | CL-VaPUC | ||
| 008 | 150520e18850622uk |||||||||||||||||eng|d | ||
| 082 | 0 | 4 | |a 910.4 |b ARB |2 21 |
| 100 | 0 | |a Arber, Edward |e author |9 579792 | |
| 245 | 1 | 4 | |a The first three english books on America?1511--1555 A.D |
| 250 | |a 1a. ed | ||
| 300 | |a 408 p | ||
| 942 | |c BK | ||
| 945 | |d 20150520 16:51:00 |a arojas | ||
| 260 | |a Birmingham |b I Montague Road |c 1885 | ||
| 650 | 0 | |a Viajes |9 257115 | |
| 651 | 0 | |a América |9 255182 | |
| 583 | |a last modification |c 20150520 16:51:00 |k Rodrigo Vera | ||
| 999 | |c 359207 |d 359205 | ||
| 952 | |0 0 |1 0 |3 erd |4 0 |6 910_400000000000000_ARB_1885 |7 0 |8 ? |9 468312 |a FDOBUD |b FDOBUD |i 5151740 |o 910.4 ARB 1885 |p 5151740 |r 2019-11-23 |w 2019-11-23 |y BK |z Catalogado en:20150520 |k BUD | ||